Analýza vplyvu prílevu PZI do automobilového priemyslu v regióne V4 dizertačná práca

Saved in:
Bibliographic Details
Main Author: Lukáč, Milan
Corporate Author: Fakulta medzinárodných vzťahov EU. Katedra medzinárodných ekonomických vzťahov a hospodárskej diplomacie
Other Authors: Dudáš, Tomáš, 1976-
Format: Book
Language:Slovak
Published: Bratislava 2013
Subjects:
Tags: Add Tag
No Tags, Be the first to tag this record!

MARC

LEADER 00000nbm a2200000 4500
001 0177968
005 20240502073027.5
041 0 |a slo 
044 |a SK 
245 1 0 |a Analýza vplyvu prílevu PZI do automobilového priemyslu v regióne V4  |b dizertačná práca  |c Milan Lukáč ; školiteľ: Tomáš Dudáš 
264 1 |a Bratislava  |c 2013 
300 |a 152 s. 
610 2 0 |a investície priame zahraničné 
610 2 0 |a priemysel automobilový 
610 2 0 |a Česko 
610 2 0 |a Poľsko 
610 2 0 |a Slovensko 
100 1 |a Lukáč, Milan 
700 1 |a Dudáš, Tomáš, 1976- 
710 2 |a Fakulta medzinárodných vzťahov EU. Katedra medzinárodných ekonomických vzťahov a hospodárskej diplomacie